MESTSKÁ KNIŽNICA GIRALTOVCE  - online katalóg 

Ešte jeden deň (Record no. 23556)

000 -NÁVESTIE
fixed length control field 01182cam a2200361 4500
001 - EVIDENČNÉ ČÍSLO ZÁZNAMU - Kontrolné číslo
control field vtls012082230
005 - DÁTUM A ČAS POSLEDNEJ TRANSAKCIE
control field 20230822071835.0
008 - ÚDAJE S PEVNOU DĹŽKOU – VŠEOBECNÉ INFORMÁCIE
fixed length control field 220103s2021 xo g 000 f slo
020 ## - MEDZINÁRODNÉ ŠTANDARDNÉ ČÍSLO KNIHY (ISBN)
Medzinárodné štandardné číslo knihy (ISBN) 9788055173016
Qualifying information (viazané)
040 ## - ZDROJ KATALOGIZÁCIE
Pôvodná katalogizujúca agentúra MIZKGZ
Jazyk katalogizácie slo
Prepisujúca agentúra MIZKGZ
Modifikujúca agentúra SNK
Konvencie popisu rda
041 1# - KÓD JAZYKA
Kód jazyka textu/zvukovej stopy alebo samostatných nápisov slo
Kód jazyka originálu a/alebo sprostredkujúcich prekladov textu ita
044 ## - KÓD KRAJINY VYDAVATEĽA/PRODUCENTA
Kód krajiny MARC xo
Kód krajiny ISO SK
072 #7 - KÓD PREDMETOVEJ KATEGÓRIE
Kód predmetovej kategórie 821.131.1
Pododdiel kódu predmetovej kategórie Talianska literatúra
Zdroj konspekt
080 ## - ČÍSLO MEDZINÁRODNÉHO DESATINNÉHO TRIEDENIA (MDT)
Číslo Medzinárodného desatinného triedenia (MDT) 821.131.1
Identifikátor vydania 2011
080 ## - ČÍSLO MEDZINÁRODNÉHO DESATINNÉHO TRIEDENIA (MDT)
Číslo Medzinárodného desatinného triedenia (MDT) (0:82-312.5)
Identifikátor vydania 2011
100 1# - OSOBNÉ MENÁ – VŠEOBECNÉ INFORMÁCIE
Osobné meno Volo, Fabio,
Dátumy súvisiace s menom 1972-
Kód roly aut
-- 3885
240 13 - UNIFIKOVANÝ NÁZOV
Unifikovaný názov Il giorno in più
Jazyk diela Slovensky
245 10 - NÁZOV
Názov Ešte jeden deň
Údaj o zodpovednosti atď. Fabio Volo ; preložila Danka Jacečková
264 #1 - VYDAVATEĽSKÉ ÚDAJE, DISTRIBÚCIA ATĎ. - RDA
Miesto publikovania, distribúcie atď. Bratislava
Názov vydavateľa, distibútora atď. Ikar
Dátum publikovania, distribúcie atď. 2021
300 ## - FYZICKÝ POPIS
Rozsah 277 strán
Rozmery 21 cm
336 ## - TYP OBSAHU
Typ obsahu - termín text
Typ obsahu - kód txt
Zdroj rdacontent
337 ## - TYP MÉDIA
Typ média - termín bez média
Typ média - kód n
Zdroj rdamedia
338 ## - TYP NOSIČA
Typ nosiča - termín zväzok
Typ nosiča - kód nc
Zdroj rdacarrier
500 ## - VŠEOBECNÁ POZNÁMKA
Formátovaná poznámka o obsahu Obsahuje biografické údaje o autorovi na zadnej strane knihy
500 ## - VŠEOBECNÁ POZNÁMKA
Formátovaná poznámka o obsahu Preložené z taliančiny
650 07 - PRIDANÝ VSTUP – PREDMET – TEMATICKÉ HESLO
Tematické heslo alebo geografický názov ako vstupný prvok talianska literatúra
Zdroj hesla alebo termínu SNKPH
-- 2525
655 #7 - INDEXAČNÝ TERMÍN – ŽÁNER/FORMA
Údaje o žánri/forme alebo termín, ktorý je prvok fazety ľúbostné romány
Zdroj termínu SNKPH
-- 13
655 #7 - INDEXAČNÝ TERMÍN – ŽÁNER/FORMA
Údaje o žánri/forme alebo termín, ktorý je prvok fazety Italian literature
Zdroj termínu SNKPHeng
-- 3886
655 #7 - INDEXAČNÝ TERMÍN – ŽÁNER/FORMA
Údaje o žánri/forme alebo termín, ktorý je prvok fazety Love novels
Zdroj termínu SNKPHeng
-- 1667
700 1# - PRIDANÝ VSTUP – OSOBNÉ MENO
Osobné meno Jacečková, Danka
Kód roly trl
-- 3887
958 ## - Formálny deskriptor
Formálny deskriptor LX
958 ## - Formálny deskriptor
Formálny deskriptor UP
Holdings
Stav stiahnutia (Blokovanie) (Withrawn status) Stav straty Zdroj klasifikácie pre skladovanie Stav poškodenia (Damaged status) Nie pre výpožičky (Not for loan) Spôsob nadobudnutia (Collection code) Trvalé umiestnenie Aktuálne umiestnenie Dátum nadobudnutia Náklady, bežná kúpna cena Inventárne číslo (prírastkové číslo) Celkom výpožičky Celkom prolongácie (predĺženia) Full call number Čiarový kód Dátum posledného výskytu Dátum poslednej výpôžičky Cena s účinnosťou od Typ jednotky Koha
          Kúpa Mestská knižnica Giraltovce Mestská knižnica Giraltovce 2023-08-22 4.00 21885 7 2 B10635 B10635 2026-06-08 2026-05-19 2023-08-22 Krásna literatúra pre dospelých

Powered by Koha